Final Fantasy VI - Statistics

General Stats
  • This quiz has been taken 598 times
  • The average score is 30 of 40
Answer Stats
Hint Answer % Correct
Whose mind is being controlled in the beginning? Terra Branford
98%
Who is the villain? Kefka Palazzo
96%
Who has a dog named Interceptor? Shadow
93%
Who is the king of ^? Edgar Roni Figaro
92%
What roguish thief is met there? Locke Cole
92%
What force supposedly hasn't existed for 1,000 years? Magic
91%
Who is the only playable moogle in the Final Fantasy franchise? Mog
90%
Who is the rightful king of ^ Sabin Rene Figaro
89%
What two soldiers are supervising ^? Biggs
88%
What Imperial general defects to your side? Celes Chere
88%
What platform was Final Fantasy VI originally released on? Super Nintendo Entertainment System/Super Famicom
87%
Wedge
87%
Final Fantasy VI saw it's initial American release under what title? Final Fantasy III
85%
What apparent orphan grew up in the wild? Gau
85%
What year was Final Fantasy VI released? 1994
84%
What is technology powered by magic called? Magitek
82%
Whose family is killed at Doma Castle? Cyan Garamonde
81%
What castle can travel under ground? Figaro
79%
What believer in luck raids the opera house? Setzer Gabbiani
78%
What town do they cross the snow in epic fashion to reach? Narshe
77%
Who is the Empire's top scientist? Cid del Norte Marguez
75%
What kind-hearted Imperial general does the villain kill? General Leo
74%
Who has a talent for painting? Relm Arrowny
73%
What term refers to the world in the second half of the game? World of Ruin
73%
Who is the world's greatest mime? Gogo
72%
What sasquatch has limited intelligence? Umaro
71%
Who composed the music for Final Fantasy VI? Nobuo Uematsu
69%
What old man can still use magic naturally? Strago Magus
69%
What lovable yet annoying cephalopod thinks he's royalty? Ultros
67%
What rebel group is fighting the Empire? Returners
66%
What magical substance is the Empire trying to obtain more of? Magicite
64%
What term refers to the world in the first half of the game? World of Balance
64%
What term applies both to a powerful sword and a behemoth-like monster? Ultima Weapon
62%
Maria
61%
Who is the leader of ^? Banon
60%
Who offers the rebels a false truce? Emperor Gesthal
59%
What is the airship called? Blackjack
45%
What is the Empire's capital city? Vector
45%
Who are the lead male and female characters in the opera? Draco
44%
What is the new airship called? Falcon
37%
No matching quizzes found
Score Distribution
Percent of People with Each Score
Percentile by Number Answered
Your Score History
You have not taken this quiz